| 000 | 00438nam a2200217Ia 4500 | ||
|---|---|---|---|
| 003 | IT-RoPAU | ||
| 008 | 120407s9999 xx 000 0 und d | ||
| 040 | _aIT-RoPAU | ||
| 040 | _cIT-RoPAU | ||
| 041 | _aita | ||
| 100 | _aTimotheus Zapelena | ||
| 100 | _cs.j. | ||
| 245 | _aDe Ecclesia Christi. | ||
| 250 | _aRoma | ||
| 260 | _aGregoriana | ||
| 260 | _c1940 | ||
| 300 | _c23 cm | ||
| 490 | _v1 | ||
| 942 | _cBK | ||
| 999 |
_c23672 _d23672 |
||